• 首页
  • 本馆介绍
  • 公告通知
  • 最新文献
  • 馆藏检索
  • 电子资源
  • 读者导购
  • 参考咨询
  • 我的图书馆
  • 登录
  • 详细信息显示
  • 放入我的书架
  • 预约/预借图书
  • 作者相关作品
  • 分类相关作品
  • 丛书相关作品
  • 出版社相关作品

书目信息

  • 表格格式
  • 工作单格式
  • 卡片格式
题名:
文艺学引论
    
 
作者: 安振兴 编著
分册:  
出版信息: 上海   华东师范大学出版社  1989.2
页数: 362页
开本: 20厘米
丛书名:
单 册:
中图分类: I0
科图分类: 42.2
主题词: 文学理论
电子资源:
ISBN: 7-5617-0309-0
000 00773nam0 2200265 45
001 0189001891
005 20040425111317.7
010    @a7-5617-0309-0@dCNY2.60
020    @aCN@b89001891
100    @a19900806d1989 m y0chiy0120 ea
101 0  @achi
102    @aCN@b310000
105    @ay z 000yy
106    @ar
200 10 @a文艺学引论@Awen yi xue yin lun@f安振兴等编著@Fan zhen xing deng bian zhu
210    @a上海@c华东师范大学出版社@d1989.2
215    @a362页@d20厘米
330    @a本书介绍了文艺的社会性,文学的形象性,文艺创作的理想境界、心理特点等问题。
540 1  @a文艺学@Awen yi xue
606 0  @a文学理论
690    @aI0
692    @a42.2@v1974
701  0 @a安振兴@Aan zhen xing@4编著
801  0 @aCN@bNLC@c19900806
905    @f2@b236647-648@dI0@e154
    
    文艺学引论/安振兴等编著.-上海:华东师范大学出版社,1989.2
    362页;20厘米
    
    
    ISBN 7-5617-0309-0:CNY2.60
    本书介绍了文艺的社会性,文学的形象性,文艺创作的理想境界、心理特点等问题。
●
相关链接 在E读中查询图书 在五车中查询图书 在当当中查询图书 在豆瓣中查询图书


正题名:文艺学引论     索取号:I0/154         预约/预借

序号 登录号 条形码 馆藏地/架位号 状态 备注
1 0236647   000901983   密集书库/ [索取号:I0/154] 在馆    
2 0236648   000901974   第二借阅区/ [索取号:I0/154] 在馆    
3 0236649   000902045   第一样本阅览室/ [索取号:I0/154] 在馆    
唐山师范学院图书馆 欢迎您!
大连网信软件有限公司© 版权所有